01693nam a2200421 i 450000500170000000700030001700800410002002000180006104000350007904100080011408400110012210000260013324501060015925000220026526400450028730000250033233600270035733700330038433800280041749000260044550000500047150400380052150500960055952000830065552100380073854500760077660000570085265000380090965000420094765000400098965000350102965000410106465000280110565100530113370000550118694200150124199900150125620220317002033.0ta201111s2018 ck ||||er|||| 00| fdspa d a9789587746426 aCO-BoRNBPbspaerdacCO-BoRNBP aspa aN OND21 aOndjakid1977-eautor13aEl cielo no sabe bailar solocOndjaki ; traducción, prólogo y notas Ana María García Iglesias aPrimera edición 1aBogotábUniversidad de los Andesc2018 a404 páginasb24 cm 2rdacontentatextobtxt 2rdamediaasin mediaciónbn 2rdacarrieravolumenbnc0 aColección Labirinto aOndjaki es el seudónimo de Ndalu de Almeida aBibliografía: páginas 399-40100tBuenos días, camaradastLos de mi calletLa AbuelaDiecinueve y el secreto del soviético aEl libro reúne dos novelas y una colección de cuentos del autor angoleño aRecomendado para público adulto aIncluye datos biográficos del autor en la solapa y al final del texto1 aOndjakid1977-xCrítica e interpretación9160211172LEMBaNovela angoleñaySiglo XX172LEMBaLiteratura angoleñaySiglo XX172LEMBaAutores angoleñosySiglo XX172LEMBaNiños zAngolavNovela172LEMBaMemoria en los niñosvNovela172LEMBaRecuerdosvNovela14aAngolaxVida social y costumbresvNovela91602161 aGarcía Iglesias, Ana Maríaetraductora9160217 2loccBKLIT c8974d8974